| 000 | 01824nam1a2200301 i 4500 | ||
|---|---|---|---|
| 001 | RU\NLR\BIBL_A\010910998 | ||
| 005 | 20260406015546.0 | ||
| 035 | _a(NLR Aleph) 010910998 | ||
| 090 |
_a10630049 _c10630049 |
||
| 100 | _a20151123g20149999u y0rusy50 ca | ||
| 101 | 0 | _arus | |
| 102 | _aRU | ||
| 105 | _a g | ||
| 200 | 1 |
_aАмурская культура в печати _eинформационный бюллетень _fАмур. обл. науч. б-ка им. Н. Н. Муравьева-Амурского, Отд. краеведения и ред. книг _g[сост.: Смирнова В. В.] |
|
| 210 |
_aБлаговещенск _cАмурская областная научная библиотека _d2014 |
||
| 215 | _d21 | ||
| 606 | 1 |
_aПериодическая печать _jБиблиография _xОсвещение вопросов культуры _yАмурская область _92260087 _3RU\NLR\AUTH\6601585048 |
|
| 607 |
_aАмурская область _jБиблиография _xКультура _92136595 _3RU\NLR\AUTH\661592651 |
||
| 686 | 1 | _aЯ172(2Р-2Ам) | |
| 686 | 1 | _aЧ612.39я17 | |
| 686 | 1 | _aТ3(2Р-4Ам)0-7я1 | |
| 702 | 1 |
_4220 _7ca _8rus _aСмирнова _bВ. В. _cбиблиограф, краевед _gВалентина Васильевна _9103951 _3RU\NLR\AUTH\77121026 |
|
| 712 | 0 | 2 |
_4570 _aАмурская областная научная библиотека им. Н. Н. Муравьева-Амурского _bОтдел краеведения и редких книг _cБлаговещенск _9413684 _3RU\NLR\AUTH\880373619 |
| 852 |
_aNLR _jС 2015-2/488 |
||
| 942 | _cBOOK | ||